| 000 | 00486nam a22001697a 4500 | ||
|---|---|---|---|
| 005 | 20250414190641.0 | ||
| 008 | 250414b |||||||| |||| 00| 0 eng d | ||
| 020 | _a9780072996357 | ||
| 050 |
_aGN60 _b.P35 PAR |
||
| 100 | _aPark Michael Alan | ||
| 245 |
_aBiological Anthropology _cMichael Alan Park |
||
| 250 | _a4th Ed. | ||
| 260 |
_aBoston _bMcGraw-Hill _c2005 |
||
| 300 |
_axvii. (various pagings) _bill. (some col.) _c25 cm |
||
| 650 | _2Anthropology | ||
| 942 |
_2lcc _cBK _e4th Ed. _n0 |
||
| 999 |
_c5477 _d5477 |
||